000 00292nam a22001337a 4500
008 170727b xxu||||| |||| 00| 0 eng d
020 _a1881228932
041 _aeng
080 _a004
100 _a31
101 _aSHK
245 _aSTATA BASE REFERENCE MANUAL
_cYONKERS
942 _2udc
_cBK
999 _c22059
_d22059